Language Quiz

Random Language or Letter Quiz
Score 0/11 Timer 03:00
3 Plays Today
Clue Word % Correct
Most common vowelE
97.9%
Parisian newspaper: '___ Monde'LE
93%
Spanish 'I love you.': ___ amoTE
92.9%
Grimm fairy tale brother captured by a witchHANSEL
92.4%
Drink often found in a pint glassALE
92.3%
Grimm fairy tale sister captured by a witchGRETEL
90.4%
Say 'Hi' or 'Ahoy' toGREET
88.8%
Cure from diseaseHEAL
79.4%
Rock that can bear petroleumSHALE
72.8%
Soak flax fibers to separate from woodRET
70.1%
Chestnut or pecan, e.g.TREE
67.5%
Remove Ads.
Support Sporcle.
Get the best of Sporcle when you Go Orange. This ad-free experience offers more features, more stats, and more fun while also helping to support Sporcle. Thank you for becoming a member.

You're not logged in!

Compare scores with friends on all Sporcle quizzes.
OR
Log In

Show Comments

Extras

Top Quizzes Today


Score Distribution

Your Account Isn't Verified!

In order to create a playlist on Sporcle, you need to verify the email address you used during registration. Go to your Sporcle Settings to finish the process.

Report this User

Report this user for behavior that violates our Community Guidelines.

Details: